Financovanie malých a stredných podnikov vo svetle Lisabonskej stratégie

Lisabonská stratégia tvorí jadro politiky Európskej komisie. Dosahovanie udržateľného rastu prostredníctvom rozvoja podnikania, konkurencieschopnosti a inovácií závisí od úspešného fungovania európskych malých a stredných podnikov. Analýza stavu financovania malých a stredných podnikov. Zmeny vo fin...

Full description

Saved in:
Bibliographic Details
Main Author: Vinczeová, Miroslava
Format: Book Chapter
Language:Slovak
Subjects:
Tags: Add Tag
No Tags, Be the first to tag this record!

MARC

LEADER 00000naa$a2200000$$$4500
001 0077106
005 20231107132059.9
041 0 |a slo 
044 |a SK 
245 1 0 |a Financovanie malých a stredných podnikov vo svetle Lisabonskej stratégie  |c Miroslava Vinczeová 
520 |a Lisabonská stratégia tvorí jadro politiky Európskej komisie. Dosahovanie udržateľného rastu prostredníctvom rozvoja podnikania, konkurencieschopnosti a inovácií závisí od úspešného fungovania európskych malých a stredných podnikov. Analýza stavu financovania malých a stredných podnikov. Zmeny vo financovaní malých a stredných podnikov ako nevyhnutnosť zabezpečenia ich rastu v zmysle Lisabonskej stratégie. 
610 2 0 |a podnik malý 
610 2 0 |a podnik stredný 
610 2 0 |a financovanie 
610 2 0 |a financovanie podnikov 
610 2 0 |a Európska únia 
100 1 |a Vinczeová, Miroslava